Los extremeños se tocan (Record no. 112602)

MARC details
000 -LEADER
campo de control de longitud fija 00636nam a2200181 4500
001 - NÚMERO DE CONTROL
campo de control 112602
003 - IDENTIFICADOR DE NÚMERO DE CONTROL
campo de control ES-MaACL
005 - FECHA Y HORA DE LA ÚLTIMA TRANSACCIÓN
campo de control 20251115063250.0
007 - CAMPO FIJO DE DESCRIPCIÓN FÍSICA--INFORMACIÓN GENERAL
campo de control de longitud fija t|
008 - DATOS DE LONGITUD FIJA--INFORMACIÓN GENERAL
campo de control de longitud fija 061121s1927 sp r ||||1| spa d
100 1# - ENTRADA PRINCIPAL--NOMBRE DE PERSONA
Nombre de persona Muñoz Seca, Pedro,
Fechas asociadas al nombre 1881-1936
9 (RLIN) 84499
245 14 - MENCIÓN DEL TÍTULO
Título Los extremeños se tocan
Resto del título : opereta sin música pero con cantables y evoluciones en tres actos y un prólogo /
Mención de responsabilidad, etc. Pedro Muñoz Seca y Pedro Pérez Fernández.
260 ## - PUBLICACIÓN, DISTRIBUCIÓN, ETC.
Lugar de publicación, distribución, etc. Madrid :
Nombre del editor, distribuidor, etc. Siglo XX,
Fecha de publicación, distribución, etc. [1927?]
300 ## - DESCRIPCIÓN FÍSICA
Extensión 223 p. ;
Dimensiones 19 cm.
700 1# - ENTRADA AGREGADA--NOMBRE PERSONAL
Nombre de persona Pérez Fernández, Pedro.
9 (RLIN) 90862
852 ## - LOCALIZACIÓN
Ubicación ES-MaACL
Número de control de estantería A-4900
Sublocalización o colección R.16918
Holdings
Estatus retirado Estado de pérdida Estado de daño No para préstamo Biblioteca de origen Biblioteca actual Ubicación en estantería Fecha de adquisición Fuente de adquisición Total de préstamos Signatura topográfica completa Código de barras Visto por última vez Precio de reemplazo Tipo de ítem Koha
        Biblioteca del Ateneo de Madrid Biblioteca del Ateneo de Madrid Sala Pecera Planta 1 17/01/2008     A-4900 1117454 23/02/2023 23/02/2023 Libro impreso